| 000 | 00433nam a2200145Ia 4500 | ||
|---|---|---|---|
| 008 | 220217s9999||||xx |||||||||||||| ||und|| | ||
| 020 | _a978-81-265-2764-9 | ||
| 082 | _a621.4 INC | ||
| 100 | _aIncropera, Frank, P. Dewitt, David, P. Bergman, Theodore, L | ||
| 245 | 0 | _aFundamentals of heat and mass transfer | |
| 250 | _a6th | ||
| 260 |
_aJohn wiely & sons Inc. _bNew Delhi _c2010 |
||
| 300 | _b499 | ||
| 650 | _aMECHANICHAL | ||
| 999 |
_c179995 _d179995 |
||